000 00750nam a22002177a 4500
003 UA-OsUOA
001 100552
007 ta
008 20130528b un ||||| |||| 00| 0 ukr d
100 _aРусяєва А.С.
090 _a902
_bР89
942 _cSA
040 _aUA-OsUOA
_bukr
_cUA-OsUOA
_dUA-OsUOA
245 _aВідображення похоронного ритуалу в епіграфічних пам'ятках Ольвії в контексті давньогрецької літературної традиції
300 _aС.50-61
955 _a0
041 _aukr
080 _a902
773 0 _w100548
_tАрхеологія
_dК.
_d2013
_g1
650 7 _a9 Географія. Біографії. Історія
_2UDC
999 _c385965
_d385965